| 000 | 00987nam a22003137a 4500 | ||
|---|---|---|---|
| 003 | CHAP | ||
| 005 | 20241105180613.0 | ||
| 008 | 971013s1982 r 00010 d | ||
| 010 | _a10507 | ||
| 011 | _a11479 | ||
| 035 | _a10717 | ||
| 040 | _cCHAP | ||
| 090 | _aTesis | ||
| 100 | 0 | 0 |
_aCabrera Ortega, Luis. _916689 |
| 245 | _aAspectos socioeconómicos de la industria azucarera en México | ||
| 260 |
_aMéxico, D. F. : _bEl autor, _c1982 |
||
| 300 | _a101 h | ||
| 502 | _aTesis (Lic. en Economía) -- UNAM. Fac. de Economía | ||
| 590 |
_aALEPH _b10 _c20130110 _lUCH01 _h1227 |
||
| 590 |
_aBATCH-UPD _b10 _c20130110 _lUCH01 _h2229 |
||
| 590 |
_aBATCH-UPD _b10 _c20130410 _lUCH01 _h1525 |
||
| 590 |
_aBATCH-UPD _b10 _c20130914 _lUCH01 _h0834 |
||
| 590 |
_aCONVERSION _b10 _c20130109 _lUCH01 _h1307 |
||
| 650 | 1 | 4 |
_aCaña de azúcar _xTrabajadores. _918653 |
| 650 | 1 | 7 |
_aIndustria azucarera _zMéxico _2 _957791 |
| 901 | _aBK | ||
| 942 | _cTESIS | ||
| 949 |
_bBC _cTES _d-22480 _eTS1 _i10717 _si |
||
| 999 |
_c10507 _d10507 |
||